000 00291nam a22001337a 4500
008 170810b xxu||||| |||| 00| 0 eng d
020 _a9780764547867
041 _aeng
080 _a004
100 _a35
101 _aSHK
245 _aRED HAT LINUX 7 SERVER
_cKABIR,M.J
942 _2udc
_cBK
999 _c23102
_d23102